000 00379 a2200169 4500
001 46468
020 _a8526010344
040 _cAnchieta - Aquarius
100 _aQueirós, Bartolemeu Campos de
240 1 0 _a*História em 3 atos
_lpor
245 1 0 _a*História em 3 atos
300 _a
362 0 _a2007
440 1 _aGlobal
650 4 _aLiteratura infantil
942 _cBK
999 _c46468
_d46468